000 01322nam0a22002771 4500
001 rc\4431083
005 20250612081939.0
021 _aRU
_b[67-24934]
035 _a(NLR Aleph) 008575732
090 _a8553562
_c8553562
100 _a20130416d1967 |||y0rusy50 ca
101 0 _arus
102 _aRU
105 _aa z |||||
200 1 _aТаблицы "Высота и азимуты светил (ВАС-58)"
_eМетод. пособие по курсу "Мореходная астрономия" для студентов специальностей "Судовождение на мор. путях" и "Пром. рыболовство"
_fКалинингр. техн. ин-т рыбной пром-сти и хоз-ва. Кафедра промысл. судовождения
210 _aКалининград
_cКн. изд-во
_d1967
215 _a47 с.
_cчерт.
_d20
606 _aСудовождение морское
_2psbo
606 _aАзимуты (астрон.)
_jТаблицы
_2psbo
700 1 _7ca
_8rus
_aИванов
_bФ. Г.
_cспециалист по судовождению
_gФедор Григорьевич
_9224670
_3RU\NLR\AUTH\770224726
801 0 _aRU
_bNLR
_gpsbo
801 1 _aRU
_bELAR
_2rusmarc
852 _aNLR
_j67-4/7763
942 _cBOOK
980 _aNB